000 00642pab a2200217 454500
008 180718b2009 xxu||||| |||| 00| 0 eng d
100 _aRani, J. Sriviraja
245 _aSchool participation of girls of Jatapu tribe in Vizianagaram district of Andhra Pradesh
260 _c2009
300 _ap.176-92.
362 _aJan-Dec
650 _atribes - India - Andhra Pradesh
650 _aGirls - India - Andhra pradesh
650 _aStudent participation - India - Andhra Pradesh
650 _aStudent participation
700 _aSekhar, K.
700 _aBabavali, N.
773 _aIASSI Quarterly
908 _aN
909 _a86977
999 _c86977
_d86977